[Event "RSA-chT U20A"]
[Site "Boksburg"]
[Date "2018.12.19"]
[Round "6.1"]
[White "Masiya, Mfundo"]
[Black "Swart, George"]
[Result "1-0"]
[WhiteElo "1977"]
[BlackElo "1494"]
[PlyCount "45"]
[EventDate "2018.12.16"]
[EventType "team-tourn"]
[EventRounds "7"]
[EventCountry "RSA"]
[SourceTitle "EXT 2020"]
[Source "ChessBase"]
[SourceDate "2019.10.17"]
[SourceVersion "1"]
[SourceVersionDate "2019.10.17"]
[SourceQuality "1"]
[WhiteTeam "Tshwane U20"]
[BlackTeam "Eden District U20"]
[WhiteTeamCountry "RSA"]
[BlackTeamCountry "RSA"]

1. e4 e6 2. d4 d5 3. Nd2 Nf6 4. e5 Nfd7 5. f4 c5 6. c3 Nc6 7. Ndf3 Be7 8. Bd3 h6 9. Ne2 0-0 10. 0-0 cxd4 11. cxd4 f5 12. Kh1 g6 13. Rg1 Rf7 14. g4 Rg7 15. gxf5 gxf5 16. Rxg7+ Kxg7 17. Qg1+ Kh7 18. Qg3 Qg8 19. Qh3 Nf8 20. Be3 Ng6 21. Rg1 Qf7 22. Ng5+ Bxg5 23. fxg5 1-0

[Event "RSA-chT U20A"]
[Site "Boksburg"]
[Date "2018.12.18"]
[Round "5.1"]
[White "Swart, George"]
[Black "Ngcongo, Minenhle"]
[Result "1-0"]
[WhiteElo "1494"]
[BlackElo "1650"]
[PlyCount "34"]
[EventDate "2018.12.16"]
[EventType "team-tourn"]
[EventRounds "7"]
[EventCountry "RSA"]
[SourceTitle "EXT 2020"]
[Source "ChessBase"]
[SourceDate "2019.10.17"]
[SourceVersion "1"]
[SourceVersionDate "2019.10.17"]
[SourceQuality "1"]
[WhiteTeam "Eden District U20"]
[BlackTeam "Ethekwini U20"]
[WhiteTeamCountry "RSA"]
[BlackTeamCountry "RSA"]

1. d4 d5 2. Nf3 c6 3. c4 Nf6 4. Nc3 e6 5. Bf4 Be7 6. e3 0-0 7. Be2 dxc4 8. Bxc4 Nbd7 9. 0-0 Nh5 10. Be5 Nxe5 11. dxe5 g6 12. Qc2 b5 13. Be2 Qb6 14. Rfd1 Ng7 15. Ne4 h6 16. Rac1 Bb7 17. Rd7 Rfe8 1-0

[Event "Bloemfontein-ch op"]
[Site "Bloemfontein"]
[Date "2018.07.07"]
[Round "1"]
[White "Swart, George"]
[Black "Selkirk, Rebecca"]
[Result "0-1"]
[WhiteElo "1512"]
[BlackElo "1776"]
[PlyCount "140"]
[EventDate "2018.07.07"]
[EventType "swiss"]
[EventRounds "11"]
[EventCountry "RSA"]
[SourceTitle "EXT 2019"]
[Source "ChessBase"]
[SourceDate "2018.10.10"]
[SourceVersion "1"]
[SourceVersionDate "2018.10.10"]
[SourceQuality "1"]

1. d4 d5 2. e3 Nf6 3. f4 c5 4. c3 Bf5 5. Bd3 Bxd3 6. Qxd3 c4 7. Qe2 Nbd7 8. Nd2 e6 9. Ngf3 b5 10. 0-0 Bd6 11. Ne5 0-0 12. Rf3 b4 13. e4 bxc3 14. bxc3 Nb6 15. Rh3 Na4 16. Qd1 Nb6 17. Qe2 dxe4 18. Nxe4 Nxe4 19. Qxe4 f5 20. Qe2 Bxe5 21. Qxe5 Qd5 22. Qe2 Nd7 23. Ba3 Rfe8 24. Re3 Nf6 25. Re5 Qc6 26. Rc5 Qe4 27. Qxe4 Nxe4 28. Rxc4 Rec8 29. Rxc8+ Rxc8 30. Bc5 Nxc3 31. Re1 Ne4 32. Bxa7 Ra8 33. Bb6 Rxa2 34. Bc7 Kf7 35. Be5 Nc3 36. Kf1 Nd5 37. Re2 Rxe2 38. Kxe2 g6 39. Bd6 Ke8 40. g3 Kd7 41. Be5 Kc6 42. Kd3 Kb5 43. Bd6 Nf6 44. Ke2 Kc4 45. Be5 Nd5 46. Kd2 Nb4 47. Bh8 Nd3 48. Ke2 Nb4 49. Kd2 Nc6 50. Ke3 Nd8 51. Bf6 Nf7 52. Be5 h6 53. h3 h5 54. Bf6 Nd6 55. Kf3 Kd3 56. g4 hxg4+ 57. hxg4 Nb5 58. gxf5 gxf5 59. Kg3 Nxd4 60. Kh4 Ke4 61. Bg5 Ne2 62. Kh3 Nxf4+ 63. Kg3 Nd3 64. Bd2 f4+ 65. Kg2 Kf5 66. Kf3 e5 67. Ke2 e4 68. Bc3 Kg4 69. Bd4 Kg3 70. Kf1 Kf3 0-1